Leading effective secondary school reform : your guide to strategies that work /

Сохранить в:
Библиографические подробности
Главный автор: Loughridge, Mikie
Другие авторы: Tarantino, Loren R. ( author)
Формат:
Опубликовано: Thousand Oaks, Calif. : Corwin Press, c2005.
Предметы:
Online-ссылка:http://www.loc.gov/catdir/toc/ecip0420/2004016458.html
http://www.loc.gov/catdir/enhancements/fy0658/2004016458-d.html
http://www.loc.gov/catdir/enhancements/fy0734/2004016458-b.html
Метки: Добавить метку
Нет меток, Требуется 1-ая метка записи!

MARC

LEADER 00000cam a22000004a 4500
020 |a 1412906040 (cloth : alk. paper)  |c TZS 12,000/= 
020 |a 1412906059 (pbk. : alk. paper)  |c TZS 12,000/= 
040 |a MUL  |b eng.  |e AACR 
082 0 0 |a 373.1200973 LOU 
100 1 |a Loughridge, Mikie. 
245 1 0 |a Leading effective secondary school reform :  |b your guide to strategies that work /  |c Mikie Loughridge, and Loren R. Tarantino. 
260 |a Thousand Oaks, Calif. :  |b Corwin Press,  |c c2005. 
300 |a xx, 147 p. :  |b ill. ;  |c 26 cm. 
504 |a Includes bibliographical references (p. 139-142) and index. 
650 0 |a School improvement programs  |z United States  |v Case studies. 
650 0 |a Middle schools--Administration 
650 0 |a School improvement programs 
650 0 |a Middle schools  |z United States  |v Case studies. 
650 0 |a High schools  |z United States  |v Case studies. 
650 0 |a Educational leadership United States Case studies 
650 0 |a Educational leadership  |z United States  |v Case studies. 
700 1 |a Tarantino, Loren R.  |c ( author)  
856 4 1 |u http://www.loc.gov/catdir/toc/ecip0420/2004016458.html 
856 4 2 |u http://www.loc.gov/catdir/enhancements/fy0658/2004016458-d.html 
856 4 2 |u http://www.loc.gov/catdir/enhancements/fy0734/2004016458-b.html 
942 |c BK 
999 |c 546  |d 546